000 00687nam a22002057a 4500
010 _aA-702214
020 _a8170187974
035 _aA-702214
037 _bCen Lib / Ret
040 _aDPL
_bEN
082 _a954.09
_bLIM
100 _aMadhu Limaye
245 _aJanata Party experiment :
_ban insiders account of opposition politics 1977-80 /
_cby Madhu Limaye
260 _aDelhi
_bB.R. Publishing Corporation
_c1992
270 _aRegd. Office 29/9 Nangia Park
_bDelhi
_e110007
300 _a(v 2. vii,571p)
_b24cm(Hb)
650 _aBharatiya Janata Party -- History.
650 _aIndia -- Politics and government -- 1977-
942 _2ddc
_cEN
_h954.09
_mLIM
999 _c136679
_d136679